00439 2200181 4500001002100000005001500021035002000036007000300056008004100059020001800100082000800118084001400126100001500140245002500155260004500180300002200225600001000247INLIS00000000000088020220611091306 a0010-0622000024ta220611 d f ind  a9786020351179 a895 a895 LIY b0 aLiye, Tere1 aBintang /cTere Liye aJakarta :bGramedia Pustaka Utama,c2017 a392 hlm. ;c20 cm 4aNovel